Southville International School and Colleges
Your cart is empty.
  • Cart
  • Lists
    Public lists Eva Luna New books Lux_list list_1
    Your lists Log in to create your own lists
  • Log in to your account
  • Your cookies
  • Search history
Southville International School and Colleges
  • Advanced search
  • Recent comments
  • Most popular
  • Libraries

Log in to your account

Log in with GOOGLE


If you do not have an external account, but do have a local account, you can still log in:

  1. Home
  2. MARC view: Marketing for hospitality and tourism /
Normal view MARC view ISBD view

Marketing for hospitality and tourism / (Record no. 20326)

[ view plain ]
MARC details
000 -LEADER
fixed length control field 00666nam a2200229 a 4500
005 - DATE AND TIME OF LATEST TRANSACTION
control field 20140310183221.0
008 - FIXED-LENGTH DATA ELEMENTS--GENERAL INFORMATION
fixed length control field 030917s19uu xx 00 eng d
020 ## - INTERNATIONAL STANDARD BOOK NUMBER
International Standard Book Number 981405867X
050 ## - LIBRARY OF CONGRESS CALL NUMBER
Classification number TX 911.3.M3
Item number .K68 2001
100 ## - MAIN ENTRY--PERSONAL NAME
Personal name Kotler, Philip
245 ## - TITLE STATEMENT
Title Marketing for hospitality and tourism /
Statement of responsibility, etc Philip Kotler.
250 ## - EDITION STATEMENT
Edition statement 2nd ed.
260 ## - PUBLICATION, DISTRIBUTION, ETC. (IMPRINT)
Place of publication, distribution, etc New Jersey :
Name of publisher, distributor, etc Prentice Hall,
Date of publication, distribution, etc 2001.
300 ## - PHYSICAL DESCRIPTION
Extent 800p
Other physical details ill.;
Dimensions 26cm.
500 ## - GENERAL NOTE
General note Includes Bibliographical references and Index
650 ## - SUBJECT ADDED ENTRY--TOPICAL TERM
Topical term or geographic name as entry element Hospitality industry
General subdivision Marketing
650 ## - SUBJECT ADDED ENTRY--TOPICAL TERM
Topical term or geographic name as entry element Tourism
General subdivision Marketing
700 ## - ADDED ENTRY--PERSONAL NAME
Personal name John Bowen
700 ## - ADDED ENTRY--PERSONAL NAME
Personal name James Makens
942 ## - ADDED ENTRY ELEMENTS (KOHA)
Koha item type Books
Source of classification or shelving scheme Library of Congress Classification
Holdings
Withdrawn status Lost status Source of classification or shelving scheme Damaged status Home library Current library Shelving location Date acquired Source of acquisition Cost, normal purchase price Total Checkouts Full call number Barcode Date last seen Copy number Price effective from Koha item type
    Library of Congress Classification   College Library College Library General Circulation Section 07/30/2010   495.00   TX 911.3.M3 .K68 2001 C4100 05/15/2018 1 10/10/2013 Books

Marketing for hospitality and tourism /

APA

Kotler P., John Bowen & James Makens. (2001). Marketing for hospitality and tourism. New Jersey: Prentice Hall.

Chicago

Kotler Philip, John Bowen and James Makens. 2001. Marketing for hospitality and tourism. New Jersey: Prentice Hall.

Harvard

Kotler P., John Bowen and James Makens. (2001). Marketing for hospitality and tourism. New Jersey: Prentice Hall.

MLA

Kotler Philip, John Bowen and James Makens. Marketing for hospitality and tourism. New Jersey: Prentice Hall. 2001.

  • Place hold
  • Print
  • Cite
  • Add to your cart (remove)
  • Save record
    BIBTEX Dublin Core MARCXML MARC (non-Unicode/MARC-8) MARC (Unicode/UTF-8) MARC (Unicode/UTF-8, Standard) MODS (XML) RIS
  • More searches
    Search for this title in:
    Other Libraries (WorldCat) Other Databases (Google Scholar) Online Stores (Bookfinder.com) Open Library (openlibrary.org)

Exporting to Dublin Core...

SOUTHVILLE LIBRARY

Southville International School and Colleges Library

1281 Tropical Ave. Cor. Luxembourg St., BF Homes International, Las Pinas City

Tel. No. 8256374 / 252358 Loc. 117/146

Powered by Koha